| 000 | 00559cam a2200193ua 4500 | ||
|---|---|---|---|
| 001 | 646 | ||
| 005 | 20260515113213.0 | ||
| 008 | 110411n ii |||gr||||Z||||||eng | ||
| 040 | _cMAIN | ||
| 082 | _a320.9 | ||
| 245 | 1 |
_aHistory of political theories : _bFrom Luther to Montesquieu / _cby William Archibald Dunning |
|
| 250 | _a1st. | ||
| 260 |
_aAllahabad: _bCentral book depot,966. |
||
| 300 |
_ax, 459p: _c30cm. |
||
| 653 | _aPolitical science | ||
| 653 | _aHistory of political theories | ||
| 700 |
_aDunning, William Archibald., _eAuthor. |
||
| 942 | _cBK | ||
| 999 |
_c575 _d575 |
||